[Event "Villarobledo Online Qualifyer"]
[Site "playchess.com #155672"]
[Date "2009.05.23"]
[Round "2"]
[White "Von Herman"]
[Black "MandM"]
[Result "1-0"]
[WhiteElo "2310"]
[BlackElo "1519"]
[PlyCount "111"]
[EventDate "2009.05.23"]
[EventType "swiss (blitz)"]

1. d4 {[%emt 0:00:02]} c5 {[%emt 0:00:02]} 2. d5 {[%emt 0:00:02]} e6 {[%emt 0:
00:01]} 3. c4 {[%emt 0:00:02]} exd5 {[%emt 0:00:01]} 4. cxd5 {[%emt 0:00:01]}
Nf6 {[%emt 0:00:00]} 5. Nc3 {[%emt 0:00:02]} g6 {[%emt 0:00:01]} 6. e4 {[%emt
0:00:01]} d6 {[%emt 0:00:04]} 7. f4 {[%emt 0:00:03]} Bg7 {[%emt 0:00:04]} 8.
Bb5+ {[%emt 0:00:01]} Bd7 {[%emt 0:00:04]} 9. e5 {[%emt 0:00:05]} Bxb5 {[%emt
0:00:02]} 10. exf6 {[%emt 0:00:03]} Bxf6 {[%emt 0:00:10]} 11. Nxb5 {[%emt 0:00:
01]} Qa5+ {[%emt 0:00:01]} 12. Nc3 {[%emt 0:00:02]} Bxc3+ {[%emt 0:00:03]} 13.
bxc3 {[%emt 0:00:01]} Qxc3+ {[%emt 0:00:02]} 14. Bd2 {[%emt 0:00:01]} Qd3 {
[%emt 0:00:04]} 15. Qe2+ {[%emt 0:00:08]} Qxe2+ {[%emt 0:00:01]} 16. Nxe2 {
[%emt 0:00:08]} O-O {[%emt 0:00:01]} 17. Nc3 {[%emt 0:00:04]} Na6 {[%emt 0:00:
02]} 18. Rb1 {[%emt 0:00:03]} Nb4 {[%emt 0:00:03]} 19. a3 {[%emt 0:00:14]} Nc2+
{[%emt 0:00:02]} 20. Kd1 {[%emt 0:00:09]} Nxa3 {[%emt 0:00:02]} 21. Rxb7 {
[%emt 0:00:01]} Rfe8 {[%emt 0:00:04]} 22. Re1 {[%emt 0:00:02]} a5 {[%emt 0:00:
06]} 23. Rxe8+ {[%emt 0:00:09]} Rxe8 {[%emt 0:00:00]} 24. Nb5 {[%emt 0:00:01]}
Nc4 {[%emt 0:00:02]} 25. Rd7 {[%emt 0:00:25]} Re4 {[%emt 0:00:10]} 26. Nxd6 {
[%emt 0:00:02]} Nxd6 {[%emt 0:00:02]} 27. Rxd6 {[%emt 0:00:01]} Rd4 {[%emt 0:
00:02]} 28. Kc2 {[%emt 0:00:02]} c4 {[%emt 0:00:02]} 29. g3 {[%emt 0:00:03]}
Rd3 {[%emt 0:00:03]} 30. Rd8+ {[%emt 0:00:04]} Kg7 {[%emt 0:00:02]} 31. d6 {
[%emt 0:00:01]} Kf6 {[%emt 0:00:02]} 32. Bxa5 {[%emt 0:00:08]} Ke6 {[%emt 0:00:
03]} 33. d7 {[%emt 0:00:06]} Rf3 {[%emt 0:00:07]} 34. Bb6 {[%emt 0:00:06]} Rf1
{[%emt 0:00:07]} 35. Rh8 {[%emt 0:00:07]} Kxd7 {[%emt 0:00:02]} 36. Rxh7 {
[%emt 0:00:01]} Ke6 {[%emt 0:00:01]} 37. Bd4 {[%emt 0:00:05]} Re1 {[%emt 0:00:
04]} 38. Kd2 {[%emt 0:00:06]} Re4 {[%emt 0:00:13]} 39. Kc3 {[%emt 0:00:02]} Kd5
{[%emt 0:00:04]} 40. Rxf7 {[%emt 0:00:03]} Re2 {[%emt 0:00:07]} 41. Rd7+ {
[%emt 0:00:02]} Kc6 {[%emt 0:00:01]} 42. Rd8 {[%emt 0:00:02]} Rxh2 {[%emt 0:00:
02]} 43. Kxc4 {[%emt 0:00:01]} Rh3 {[%emt 0:00:03]} 44. Kd3 {[%emt 0:00:02]}
Rxg3+ {[%emt 0:00:01]} 45. Ke4 {[%emt 0:00:01]} Rg2 {[%emt 0:00:05]} 46. Rg8 {
[%emt 0:00:03]} Re2+ {[%emt 0:00:02]} 47. Kf3 {[%emt 0:00:01]} Rd2 {[%emt 0:00:
02]} 48. Be5 {[%emt 0:00:01]} Rd3+ {[%emt 0:00:02]} 49. Ke4 {[%emt 0:00:01]}
Rd1 {[%emt 0:00:02]} 50. Rxg6+ {[%emt 0:00:00]} Kd7 {[%emt 0:00:01]} 51. Ra6 {
[%emt 0:00:02]} Re1+ {[%emt 0:00:01]} 52. Kf5 {[%emt 0:00:01]} Ke8 {[%emt 0:00:
02]} 53. Ra7 {[%emt 0:00:01]} Rb1 {[%emt 0:00:03]} 54. Ke6 {[%emt 0:00:02]}
Rb6+ {[%emt 0:00:03]} 55. Bd6 {[%emt 0:00:01]} Kd8 {[%emt 0:00:03]} 56. Ra8+ {
[%emt 0:00:02] MandM gibt auf} 1-0

[Event "Villarobledo Online Qualifyer"]
[Site "playchess.com #155672"]
[Date "2009.05.23"]
[Round "2"]
[White "Drift"]
[Black "TECFMA0219"]
[Result "1-0"]
[WhiteElo "1809"]
[BlackElo "1518"]
[PlyCount "47"]
[EventDate "2009.05.23"]
[EventType "swiss (blitz)"]

1. d4 {[%emt 0:00:04]} Nf6 {[%emt 0:00:01]} 2. Nf3 {[%emt 0:00:01]} g6 {[%emt
0:00:01]} 3. Nc3 {[%emt 0:00:02]} Bg7 {[%emt 0:00:00]} 4. e4 {[%emt 0:00:02]}
d6 {[%emt 0:00:01]} 5. Be3 {[%emt 0:00:03]} O-O {[%emt 0:00:01]} 6. Qd2 {[%emt
0:00:02]} e5 {[%emt 0:00:05]} 7. Bh6 {[%emt 0:00:02]} exd4 {[%emt 0:00:05]} 8.
Nxd4 {[%emt 0:00:02]} Re8 {[%emt 0:00:05]} 9. f3 {[%emt 0:00:01]} d5 {[%emt 0:
00:04]} 10. Bxg7 {[%emt 0:00:27]} Kxg7 {[%emt 0:00:04]} 11. O-O-O {[%emt 0:00:
02]} Kg8 {[%emt 0:00:19]} 12. exd5 {[%emt 0:00:08]} Nxd5 {[%emt 0:00:02]} 13.
Nxd5 {[%emt 0:00:07]} Qxd5 {[%emt 0:00:00]} 14. Qc3 {[%emt 0:00:21]} c6 {[%emt
0:00:13]} 15. Bc4 {[%emt 0:00:10]} Qg5+ {[%emt 0:00:06]} 16. Kb1 {[%emt 0:00:
01]} Qxg2 {[%emt 0:00:12]} 17. h4 {[%emt 0:00:04]} Qg3 {[%emt 0:00:19]} 18. h5
{[%emt 0:00:09]} Nd7 {[%emt 0:00:18]} 19. hxg6 {[%emt 0:00:01]} hxg6 {[%emt 0:
00:02]} 20. Rdg1 {[%emt 0:00:43]} Qd6 {[%emt 0:00:21]} 21. Nf5 {[%emt 0:00:20]}
Qe5 {[%emt 0:00:19]} 22. Rxg6+ {[%emt 0:00:04]} Kf8 {[%emt 0:00:08]} 23. Rh8+ {
[%emt 0:00:02]} Qxh8 {[%emt 0:00:07]} 24. Qxh8# {[%emt 0:00:01]} 1-0

[Event "Villarobledo Online Qualifyer"]
[Site "playchess.com #155672"]
[Date "2009.05.23"]
[Round "2"]
[White "Orzechowski_Jac"]
[Black "Steflenicois"]
[Result "1-0"]
[WhiteElo "2102"]
[BlackElo "2516"]
[PlyCount "91"]
[EventDate "2009.05.23"]
[EventType "swiss (blitz)"]

1. c4 {[%emt 0:00:09]} c6 {[%emt 0:00:04]} 2. e4 {[%emt 0:00:02]} d5 {[%emt 0:
00:01]} 3. exd5 {[%emt 0:00:01]} cxd5 {[%emt 0:00:00]} 4. d4 {[%emt 0:00:01]}
Nf6 {[%emt 0:00:02]} 5. Nc3 {[%emt 0:00:01]} Nc6 {[%emt 0:00:02]} 6. Nf3 {
[%emt 0:00:01]} e6 {[%emt 0:00:08]} 7. cxd5 {[%emt 0:00:01]} Nxd5 {[%emt 0:00:
01]} 8. Bd3 {[%emt 0:00:01]} Bb4 {[%emt 0:00:01]} 9. Bd2 {[%emt 0:00:01]} O-O {
[%emt 0:00:01]} 10. O-O {[%emt 0:00:02]} a6 {[%emt 0:00:07]} 11. Re1 {[%emt 0:
00:06]} Be7 {[%emt 0:00:03]} 12. Qe2 {[%emt 0:00:22]} Bf6 {[%emt 0:00:04]} 13.
Qe4 {[%emt 0:00:10]} g6 {[%emt 0:00:02]} 14. Bh6 {[%emt 0:00:01]} Re8 {[%emt 0:
00:02]} 15. Rad1 {[%emt 0:00:06]} b5 {[%emt 0:00:02]} 16. Nxd5 {[%emt 0:00:08]}
Bb7 {[%emt 0:00:22]} 17. Nxf6+ {[%emt 0:00:09]} Qxf6 {[%emt 0:00:00]} 18. Ne5 {
[%emt 0:00:10]} Rac8 {[%emt 0:00:21]} 19. Nxc6 {[%emt 0:00:12]} Bxc6 {[%emt 0:
00:02]} 20. Qe5 {[%emt 0:00:01]} Qxe5 {[%emt 0:00:00]} 21. dxe5 {[%emt 0:00:04]
} Bd5 {[%emt 0:00:02]} 22. a3 {[%emt 0:00:10]} Rc6 {[%emt 0:00:05]} 23. Rc1 {
[%emt 0:00:03]} f5 {[%emt 0:00:28]} 24. Rxc6 {[%emt 0:00:10]} Bxc6 {[%emt 0:00:
00]} 25. Rc1 {[%emt 0:00:01]} Rc8 {[%emt 0:00:07]} 26. a4 {[%emt 0:00:11]} Bd7
{[%emt 0:00:25]} 27. Rxc8+ {[%emt 0:00:04]} Bxc8 {[%emt 0:00:00]} 28. axb5 {
[%emt 0:00:01]} axb5 {[%emt 0:00:00]} 29. Bxb5 {[%emt 0:00:01]} Kf7 {[%emt 0:
00:00]} 30. Bg5 {[%emt 0:00:03]} Bb7 {[%emt 0:00:02]} 31. f4 {[%emt 0:00:04]}
Bd5 {[%emt 0:00:04]} 32. Kf2 {[%emt 0:00:01]} Bb3 {[%emt 0:00:01]} 33. Ke3 {
[%emt 0:00:02]} Bd5 {[%emt 0:00:01]} 34. g3 {[%emt 0:00:01]} Kg7 {[%emt 0:00:
08]} 35. Kd4 {[%emt 0:00:01]} h6 {[%emt 0:00:01]} 36. Bf6+ {[%emt 0:00:01]} Kf7
{[%emt 0:00:00]} 37. b4 {[%emt 0:00:03]} Bb3 {[%emt 0:00:03]} 38. Kc5 {[%emt 0:
00:04]} Bd5 {[%emt 0:00:01]} 39. Bc6 {[%emt 0:00:02]} Bb3 {[%emt 0:00:03]} 40.
b5 {[%emt 0:00:01]} g5 {[%emt 0:00:00]} 41. b6 {[%emt 0:00:02]} gxf4 {[%emt 0:
00:00]} 42. gxf4 {[%emt 0:00:01]} Kg6 {[%emt 0:00:00]} 43. b7 {[%emt 0:00:01]}
Kh5 {[%emt 0:00:01]} 44. b8=Q {[%emt 0:00:01]} Bd1 {[%emt 0:00:01]} 45. Qg8 {
[%emt 0:00:04]} Be2 {[%emt 0:00:11]} 46. Be8# {[%emt 0:00:03]} 1-0

[Event "Villarobledo Online Qualifyer"]
[Site "playchess.com #155672"]
[Date "2009.05.23"]
[Round "2"]
[White "Promotionfou"]
[Black "Necromant"]
[Result "0-1"]
[WhiteElo "2128"]
[BlackElo "2573"]
[PlyCount "99"]
[EventDate "2009.05.23"]
[EventType "swiss (blitz)"]

1. e4 {[%emt 0:00:05]} c5 {[%emt 0:00:02]} 2. Nc3 {[%emt 0:00:01]} d6 {[%emt 0:
00:02]} 3. g3 {[%emt 0:00:01]} Nc6 {[%emt 0:00:01]} 4. Bg2 {[%emt 0:00:01]} g6
{[%emt 0:00:01]} 5. d3 {[%emt 0:00:01]} Bg7 {[%emt 0:00:01]} 6. Be3 {[%emt 0:
00:01]} e5 {[%emt 0:00:01]} 7. Nge2 {[%emt 0:00:02]} Nge7 {[%emt 0:00:02]} 8.
Nd5 {[%emt 0:00:01]} Nxd5 {[%emt 0:00:02]} 9. exd5 {[%emt 0:00:01]} Ne7 {[%emt
0:00:01]} 10. O-O {[%emt 0:00:03]} O-O {[%emt 0:00:01]} 11. c3 {[%emt 0:00:01]}
Bf5 {[%emt 0:00:14]} 12. d4 {[%emt 0:00:06]} exd4 {[%emt 0:00:01]} 13. cxd4 {
[%emt 0:00:01]} c4 {[%emt 0:00:00]} 14. Nf4 {[%emt 0:00:32]} b5 {[%emt 0:00:08]
} 15. a4 {[%emt 0:00:02]} b4 {[%emt 0:00:05]} 16. Rc1 {[%emt 0:00:02]} Rc8 {
[%emt 0:00:02]} 17. Re1 {[%emt 0:00:07]} Qa5 {[%emt 0:00:07]} 18. Bf1 {[%emt 0:
00:04]} c3 {[%emt 0:00:03]} 19. bxc3 {[%emt 0:00:01]} Rxc3 {[%emt 0:00:01]} 20.
Rxc3 {[%emt 0:00:03]} bxc3 {[%emt 0:00:01]} 21. Bd3 {[%emt 0:00:06]} Rc8 {
[%emt 0:00:06]} 22. Bxf5 {[%emt 0:00:05]} Nxf5 {[%emt 0:00:01]} 23. Qc2 {[%emt
0:00:05]} Bxd4 {[%emt 0:00:05]} 24. g4 {[%emt 0:01:06]} Nxe3 {[%emt 0:00:07]}
25. fxe3 {[%emt 0:00:00]} Bb6 {[%emt 0:00:01]} 26. Kf2 {[%emt 0:00:05]} Qb4 {
[%emt 0:00:09]} 27. Kf3 {[%emt 0:00:08]} Rc4 {[%emt 0:00:06]} 28. Rc1 {[%emt 0:
00:07]} Qc5 {[%emt 0:00:05]} 29. Qd3 {[%emt 0:00:08]} c2 {[%emt 0:00:05]} 30.
h4 {[%emt 0:00:12]} Rc3 {[%emt 0:00:03]} 31. Rxc2 {[%emt 0:00:24]} Rxc2 {[%emt
0:00:02]} 32. Qe4 {[%emt 0:00:00]} Qxe3+ {[%emt 0:00:06]} 33. Qxe3 {[%emt 0:00:
01]} Bxe3 {[%emt 0:00:01]} 34. Kxe3 {[%emt 0:00:00]} Ra2 {[%emt 0:00:01]} 35.
h5 {[%emt 0:00:02]} Ra3+ {[%emt 0:00:01]} 36. Kd2 {[%emt 0:00:02]} Rxa4 {[%emt
0:00:01]} 37. Nd3 {[%emt 0:00:01]} Rxg4 {[%emt 0:00:02]} 38. hxg6 {[%emt 0:00:
00]} fxg6 {[%emt 0:00:01]} 39. Kc3 {[%emt 0:00:01]} h5 {[%emt 0:00:01]} 40. Nf2
{[%emt 0:00:01]} Rg3+ {[%emt 0:00:01]} 41. Kd4 {[%emt 0:00:01]} h4 {[%emt 0:00:
01]} 42. Ne4 {[%emt 0:00:00]} Rg4 {[%emt 0:00:02]} 43. Ke3 {[%emt 0:00:00]}
Rxe4+ {[%emt 0:00:01]} 44. Kxe4 {[%emt 0:00:00]} a5 {[%emt 0:00:01]} 45. Kf4 {
[%emt 0:00:01]} a4 {[%emt 0:00:01]} 46. Kg4 {[%emt 0:00:00]} a3 {[%emt 0:00:01]
} 47. Kxh4 {[%emt 0:00:00]} a2 {[%emt 0:00:01]} 48. Kg5 {[%emt 0:00:00]} Kf7 {
[%emt 0:00:01]} 49. Kf4 {[%emt 0:00:01]} a1=Q {[%emt 0:00:02]} 50. Ke4 {[%emt
0:00:00] Promotionfou abandonne} 0-1

[Event "Villarobledo Online Qualifyer"]
[Site "playchess.com #155672"]
[Date "2009.05.23"]
[Round "2"]
[White "Sophie_Neveu"]
[Black "Tactical_genius"]
[Result "1-0"]
[WhiteElo "2079"]
[BlackElo "2510"]
[PlyCount "69"]
[EventDate "2009.05.23"]
[EventType "swiss (blitz)"]

1. c4 {[%emt 0:00:03]} e5 {[%emt 0:00:06]} 2. Nc3 {[%emt 0:00:01]} Nf6 {[%emt
0:00:02]} 3. Nf3 {[%emt 0:00:01]} Nc6 {[%emt 0:00:04]} 4. e3 {[%emt 0:00:01]}
Bb4 {[%emt 0:00:04]} 5. Qc2 {[%emt 0:00:01]} d6 {[%emt 0:00:09]} 6. Nd5 {[%emt
0:00:03]} Bc5 {[%emt 0:00:05]} 7. a3 {[%emt 0:00:02]} Be6 {[%emt 0:00:06]} 8.
b4 {[%emt 0:00:08]} Bb6 {[%emt 0:00:11]} 9. Nxf6+ {[%emt 0:00:13]} Qxf6 {[%emt
0:00:14]} 10. Bb2 {[%emt 0:00:01]} Bh3 {[%emt 0:00:08]} 11. Rg1 {[%emt 0:00:12]
} Bf5 {[%emt 0:00:05]} 12. d3 {[%emt 0:00:03]} O-O {[%emt 0:00:11]} 13. Be2 {
[%emt 0:00:01]} a5 {[%emt 0:00:04]} 14. b5 {[%emt 0:00:01]} Ne7 {[%emt 0:00:04]
} 15. g4 {[%emt 0:00:02]} Bd7 {[%emt 0:00:04]} 16. g5 {[%emt 0:00:04]} Qe6 {
[%emt 0:00:06]} 17. d4 {[%emt 0:00:02]} exd4 {[%emt 0:00:05]} 18. Nxd4 {[%emt
0:00:05]} Qh3 {[%emt 0:00:04]} 19. O-O-O {[%emt 0:00:10]} Bxd4 {[%emt 0:00:05]}
20. Bxd4 {[%emt 0:00:21]} Rfe8 {[%emt 0:00:01]} 21. Bd3 {[%emt 0:00:11]} Nf5 {
[%emt 0:00:05]} 22. Bb2 {[%emt 0:00:09]} a4 {[%emt 0:00:04]} 23. Qc3 {[%emt 0:
00:17]} Re5 {[%emt 0:00:09]} 24. Qc2 {[%emt 0:00:14]} Ree8 {[%emt 0:00:04]} 25.
Qc3 {[%emt 0:00:01]} Re5 {[%emt 0:00:04]} 26. Qc2 {[%emt 0:00:01]} Rc5 {[%emt
0:00:11]} 27. e4 {[%emt 0:00:17]} Nh4 {[%emt 0:00:15]} 28. Bd4 {[%emt 0:00:02]}
Nf3 {[%emt 0:00:09]} 29. Bxc5 {[%emt 0:00:04]} Nxg1 {[%emt 0:00:02]} 30. Rxg1 {
[%emt 0:00:07]} dxc5 {[%emt 0:00:02]} 31. e5 {[%emt 0:00:00]} Be6 {[%emt 0:00:
05]} 32. f4 {[%emt 0:00:08]} Rd8 {[%emt 0:00:02]} 33. Rg3 {[%emt 0:00:01]} Qxh2
{[%emt 0:00:03]} 34. Qxh2 {[%emt 0:00:02]} g6 {[%emt 0:00:00]} 35. Kc2 {[%emt
0:00:02] Tactical_genius resigns} 1-0

[Event "Villarobledo Online Qualifyer"]
[Site "playchess.com #155672"]
[Date "2009.05.23"]
[Round "2"]
[White "MateJaque"]
[Black "Africanchamp"]
[Result "0-1"]
[WhiteElo "2184"]
[BlackElo "2880"]
[PlyCount "69"]
[EventDate "2009.05.23"]
[EventType "swiss (blitz)"]

1. d4 {[%emt 0:00:03]} Nf6 {[%emt 0:00:02]} 2. c3 {[%emt 0:00:06]} g6 {[%emt 0:
00:03]} 3. Bg5 {[%emt 0:00:04]} Bg7 {[%emt 0:00:01]} 4. Nd2 {[%emt 0:00:05]} d6
{[%emt 0:00:02]} 5. e4 {[%emt 0:00:04]} O-O {[%emt 0:00:02]} 6. Bd3 {[%emt 0:
00:02]} c5 {[%emt 0:00:09]} 7. Ne2 {[%emt 0:00:02]} Nc6 {[%emt 0:00:02]} 8. d5
{[%emt 0:00:06]} Ne5 {[%emt 0:00:06]} 9. Bc2 {[%emt 0:00:01]} h6 {[%emt 0:00:
02]} 10. Bf4 {[%emt 0:00:05]} b5 {[%emt 0:00:03]} 11. Bxe5 {[%emt 0:00:03]}
dxe5 {[%emt 0:00:01]} 12. b3 {[%emt 0:00:04]} e6 {[%emt 0:00:07]} 13. c4 {
[%emt 0:00:01]} a6 {[%emt 0:00:05]} 14. O-O {[%emt 0:00:02]} Nh5 {[%emt 0:00:
02]} 15. f3 {[%emt 0:00:15]} Nf4 {[%emt 0:00:04]} 16. g3 {[%emt 0:00:10]} Nxe2+
{[%emt 0:00:26]} 17. Qxe2 {[%emt 0:00:02]} exd5 {[%emt 0:00:01]} 18. cxd5 {
[%emt 0:00:03]} Bd7 {[%emt 0:00:08]} 19. a4 {[%emt 0:00:06]} Qb6 {[%emt 0:00:
10]} 20. Kg2 {[%emt 0:00:04]} Rfc8 {[%emt 0:00:04]} 21. Rfc1 {[%emt 0:00:15]}
h5 {[%emt 0:00:14] MateJaque ofrece tablas} 22. Bd3 {[%emt 0:00:06]} Bh6 {
[%emt 0:00:03]} 23. Rc2 {[%emt 0:00:04]} c4 {[%emt 0:00:07]} 24. bxc4 {[%emt 0:
00:06]} bxa4 {[%emt 0:00:01]} 25. Rb1 {[%emt 0:00:04]} Qd4 {[%emt 0:00:03]} 26.
Rb7 {[%emt 0:00:09]} Be8 {[%emt 0:00:02]} 27. Rcb2 {[%emt 0:00:15]} a3 {[%emt
0:00:06]} 28. Ra2 {[%emt 0:00:05]} Rab8 {[%emt 0:00:01]} 29. Nb3 {[%emt 0:00:
05]} Qc3 {[%emt 0:00:03]} 30. Rxb8 {[%emt 0:00:13]} Rxb8 {[%emt 0:00:01]} 31.
Nc5 {[%emt 0:00:01]} Rb2 {[%emt 0:00:03]} 32. Rxb2 {[%emt 0:00:14]} axb2 {
[%emt 0:00:01]} 33. Na4 {[%emt 0:00:02]} Bxa4 {[%emt 0:00:16]} 34. c5 {[%emt 0:
00:06]} Bb5 {[%emt 0:00:07]} 35. d6 {[%emt 0:00:18] MateJaque rinde} 0-1

[Event "Villarobledo Online Qualifyer"]
[Site "playchess.com #155672"]
[Date "2009.05.23"]
[Round "2"]
[White "Peterdrost"]
[Black "Unicorn"]
[Result "1/2-1/2"]
[WhiteElo "2158"]
[BlackElo "2622"]
[PlyCount "66"]
[EventDate "2009.05.23"]
[EventType "swiss (blitz)"]

1. d4 {[%emt 0:00:01]} e6 {[%emt 0:00:04]} 2. c4 {[%emt 0:00:01]} Nf6 {[%emt 0:
00:01]} 3. Nc3 {[%emt 0:00:04]} c5 {[%emt 0:00:01]} 4. d5 {[%emt 0:00:01]} exd5
{[%emt 0:00:00]} 5. cxd5 {[%emt 0:00:00]} d6 {[%emt 0:00:00]} 6. e4 {[%emt 0:
00:01]} g6 {[%emt 0:00:00]} 7. f4 {[%emt 0:00:01]} Bg7 {[%emt 0:00:01]} 8. Bb5+
{[%emt 0:00:01]} Nfd7 {[%emt 0:00:01]} 9. a4 {[%emt 0:00:02]} O-O {[%emt 0:00:
02]} 10. Nf3 {[%emt 0:00:02]} Na6 {[%emt 0:00:01]} 11. O-O {[%emt 0:00:02]} Nb4
{[%emt 0:00:01]} 12. Re1 {[%emt 0:00:03]} a6 {[%emt 0:00:01]} 13. Bf1 {[%emt 0:
00:01]} Qc7 {[%emt 0:00:05]} 14. h3 {[%emt 0:00:39]} c4 {[%emt 0:00:02]} 15.
Be3 {[%emt 0:00:03]} Rb8 {[%emt 0:00:04]} 16. a5 {[%emt 0:00:19]} Re8 {[%emt 0:
00:02]} 17. Bd4 {[%emt 0:00:06]} Bxd4+ {[%emt 0:00:10]} 18. Nxd4 {[%emt 0:00:
01]} Nc5 {[%emt 0:00:21]} 19. Bxc4 {[%emt 0:00:30]} Nxe4 {[%emt 0:00:09]} 20.
Nxe4 {[%emt 0:00:20]} Rxe4 {[%emt 0:00:39]} 21. Rxe4 {[%emt 0:00:07]} Qxc4 {
[%emt 0:00:02]} 22. Rc1 {[%emt 0:00:12]} Qxd5 {[%emt 0:00:13]} 23. Re8+ {[%emt
0:00:02]} Kg7 {[%emt 0:00:01]} 24. Rcxc8 {[%emt 0:00:05]} Rxc8 {[%emt 0:00:02]}
25. Rxc8 {[%emt 0:00:01]} Nc6 {[%emt 0:00:04]} 26. Qd2 {[%emt 0:00:23]} Nxd4 {
[%emt 0:00:06]} 27. Qc3 {[%emt 0:00:06]} f6 {[%emt 0:00:02]} 28. Qc7+ {[%emt 0:
00:07]} Kh6 {[%emt 0:00:02]} 29. Rh8 {[%emt 0:00:01]} Nf3+ {[%emt 0:00:29]} 30.
gxf3 {[%emt 0:00:06]} Qd1+ {[%emt 0:00:02]} 31. Kf2 {[%emt 0:00:03]} Qd2+ {
[%emt 0:00:02]} 32. Kf1 {[%emt 0:00:08]} Qd1+ {[%emt 0:00:02]} 33. Kf2 {[%emt
0:00:07]} Qd2+ {[%emt 0:00:01] Unicorn offers a draw} 1/2-1/2

[Event "Villarobledo Online Qualifyer"]
[Site "playchess.com #155672"]
[Date "2009.05.23"]
[Round "2"]
[White "Kakaku"]
[Black "retep1"]
[Result "1-0"]
[WhiteElo "1847"]
[BlackElo "1578"]
[PlyCount "61"]
[EventDate "2009.05.23"]
[EventType "swiss (blitz)"]

1. d4 {[%emt 0:00:01]} d5 {[%emt 0:00:06]} 2. c4 {[%emt 0:00:02]} e6 {[%emt 0:
00:16]} 3. Nf3 {[%emt 0:00:03]} Nf6 {[%emt 0:00:10]} 4. Bg5 {[%emt 0:00:05]}
Be7 {[%emt 0:00:17]} 5. Nc3 {[%emt 0:00:11]} h6 {[%emt 0:00:06]} 6. Bh4 {[%emt
0:00:03]} O-O {[%emt 0:00:12]} 7. e3 {[%emt 0:00:02]} b6 {[%emt 0:00:07]} 8.
cxd5 {[%emt 0:00:02]} Nxd5 {[%emt 0:00:10]} 9. Bxe7 {[%emt 0:00:02]} Qxe7 {
[%emt 0:00:07]} 10. Bd3 {[%emt 0:00:05]} Bb7 {[%emt 0:00:10]} 11. O-O {[%emt 0:
00:06]} Nd7 {[%emt 0:00:14]} 12. Rc1 {[%emt 0:00:02]} Nxc3 {[%emt 0:00:07]} 13.
bxc3 {[%emt 0:00:11]} c5 {[%emt 0:00:28]} 14. Bb1 {[%emt 0:00:04]} Rac8 {[%emt
0:00:19]} 15. Qd3 {[%emt 0:00:39]} Nf6 {[%emt 0:00:10]} 16. Nd2 {[%emt 0:00:02]
} Rcd8 {[%emt 0:00:08]} 17. f4 {[%emt 0:00:04]} Qd7 {[%emt 0:00:07]} 18. Nf3 {
[%emt 0:00:22]} Be4 {[%emt 0:00:12]} 19. Qe2 {[%emt 0:00:05]} Bxb1 {[%emt 0:00:
02]} 20. Rxb1 {[%emt 0:00:01]} cxd4 {[%emt 0:00:05]} 21. cxd4 {[%emt 0:00:03]}
Qb7 {[%emt 0:00:02]} 22. Ne5 {[%emt 0:00:02]} Qe4 {[%emt 0:00:02]} 23. h3 {
[%emt 0:00:04]} g6 {[%emt 0:00:02]} 24. Rbc1 {[%emt 0:00:02]} Nd5 {[%emt 0:00:
01]} 25. Rf3 {[%emt 0:00:20] .} Rd6 {[%emt 0:00:01]} 26. Ng4 {[%emt 0:00:09]}
Rfd8 {[%emt 0:00:01]} 27. Rc7 {[%emt 0:00:08]} Kg7 {[%emt 0:00:00]} 28. Rxa7 {
[%emt 0:00:03]} R8d7 {[%emt 0:00:00]} 29. Rxd7 {[%emt 0:00:08]} Rxd7 {[%emt 0:
00:00]} 30. Nf2 {[%emt 0:00:05]} Rd6 {[%emt 0:00:00]} 31. Nxe4 {[%emt 0:00:01]
retep1 gibt auf} 1-0

[Event "Villarobledo Online Qualifyer"]
[Site "playchess.com #155672"]
[Date "2009.05.23"]
[Round "2"]
[White "The great master"]
[Black "jchess06"]
[Result "0-1"]
[WhiteElo "1480"]
[BlackElo "1797"]
[PlyCount "90"]
[EventDate "2009.05.23"]
[EventType "swiss (blitz)"]

1. d4 {[%emt 0:00:02]} e6 {[%emt 0:00:01]} 2. c4 {[%emt 0:00:02]} d5 {[%emt 0:
00:00]} 3. Nc3 {[%emt 0:00:03]} c6 {[%emt 0:00:00]} 4. e3 {[%emt 0:00:03]} Nf6
{[%emt 0:00:05]} 5. Nf3 {[%emt 0:00:01]} Be7 {[%emt 0:00:15]} 6. Be2 {[%emt 0:
00:04]} O-O {[%emt 0:00:03]} 7. O-O {[%emt 0:00:01]} Nbd7 {[%emt 0:00:03]} 8.
a3 {[%emt 0:00:12]} Qc7 {[%emt 0:00:02]} 9. h3 {[%emt 0:00:07]} e5 {[%emt 0:00:
01]} 10. cxd5 {[%emt 0:00:08]} cxd5 {[%emt 0:00:01]} 11. dxe5 {[%emt 0:00:03]}
Nxe5 {[%emt 0:00:01]} 12. Bd2 {[%emt 0:00:18]} Be6 {[%emt 0:00:20]} 13. Rc1 {
[%emt 0:00:06]} Qd7 {[%emt 0:00:03]} 14. Nxe5 {[%emt 0:00:03]} Qc7 {[%emt 0:00:
11] jchess06 propose la nulle} 15. Nf3 {[%emt 0:00:13]} Qb6 {[%emt 0:00:03]}
16. b4 {[%emt 0:00:19]} a5 {[%emt 0:00:02]} 17. bxa5 {[%emt 0:00:12]} Qxa5 {
[%emt 0:00:13]} 18. a4 {[%emt 0:00:10]} Bb4 {[%emt 0:00:03]} 19. Qc2 {[%emt 0:
00:18]} Rfc8 {[%emt 0:00:02] The great master offers a draw} 20. Rfd1 {[%emt 0:
00:15]} Ne4 {[%emt 0:00:03]} 21. Qb2 {[%emt 0:00:05]} Nxc3 {[%emt 0:00:04]} 22.
Bxc3 {[%emt 0:00:02]} Bxc3 {[%emt 0:00:03]} 23. Qb5 {[%emt 0:00:10]} Qxa4 {
[%emt 0:00:12]} 24. Qxb7 {[%emt 0:00:06]} Qa2 {[%emt 0:00:08]} 25. Ng5 {[%emt
0:00:22]} Qxe2 {[%emt 0:00:07]} 26. Nxe6 {[%emt 0:00:03]} fxe6 {[%emt 0:00:02]}
27. Rf1 {[%emt 0:00:10]} Qa6 {[%emt 0:00:04]} 28. Qd7 {[%emt 0:00:02]} Bf6 {
[%emt 0:00:05]} 29. Rxc8+ {[%emt 0:00:02]} Rxc8 {[%emt 0:00:00]} 30. Rb1 {
[%emt 0:00:06]} Qc6 {[%emt 0:00:02]} 31. Qxc6 {[%emt 0:00:02]} Rxc6 {[%emt 0:
00:00]} 32. Rb8+ {[%emt 0:00:01]} Kf7 {[%emt 0:00:01]} 33. Rb7+ {[%emt 0:00:01]
} Kg6 {[%emt 0:00:01]} 34. Kh2 {[%emt 0:00:02]} Be5+ {[%emt 0:00:01]} 35. g3 {
[%emt 0:00:02]} Rc7 {[%emt 0:00:02]} 36. Rxc7 {[%emt 0:00:02]} Bxc7 {[%emt 0:
00:01]} 37. Kg2 {[%emt 0:00:00]} Kf5 {[%emt 0:00:01]} 38. f4 {[%emt 0:00:06]}
Ke4 {[%emt 0:00:01]} 39. Kf2 {[%emt 0:00:01]} Bb6 {[%emt 0:00:00]} 40. Ke2 {
[%emt 0:00:06]} Bxe3 {[%emt 0:00:00]} 41. Kf1 {[%emt 0:00:01]} d4 {[%emt 0:00:
01]} 42. Ke2 {[%emt 0:00:01]} d3+ {[%emt 0:00:01]} 43. Kd1 {[%emt 0:00:01]} d2
{[%emt 0:00:01]} 44. Ke2 {[%emt 0:00:01]} g6 {[%emt 0:00:01]} 45. h4 {[%emt 0:
00:01]} h5 {[%emt 0:00:01] The great master resigns} 0-1